Cármenes = Liber /
Salvato in:
| Autore principale: | |
|---|---|
| Altri autori: | |
| Natura: | Libro |
| Lingua: | spagnolo |
| Pubblicazione: |
México :
UNAM,
1969, c1969
|
| Serie: | (Bibliotheca Scriptorum Graecorum et Romanorum Mexicana)
|
| Soggetti: | |
| Tags: |
Nessun Tag, puoi essere il primo ad aggiungerne!!
|
MARC
| LEADER | 00000nam^a2200000^a^4500 | ||
|---|---|---|---|
| 001 | 000385687 | ||
| 005 | 20250521000000.0 | ||
| 009 | 20260310120939.216 | ||
| 037 | |a Acervo Xavier Clavigero | ||
| 041 | |a ESP | ||
| 082 | |a 871. |b CAT | ||
| 100 | |a Catulo, Cayo Valerio |e (autor) | ||
| 240 | 1 | 1 | |a [Obras de Cayo Valerio Catulo] |
| 240 | 1 | 1 | |a [Cármenes de Catulo] |
| 245 | 1 | 4 | |a Cármenes = |b Liber / |c C.V. Catulo ; introd., versión y notas de R. Bonifaz Nuño. |
| 264 | 4 | |a México : |b UNAM, |c 1969, c1969 | |
| 300 | |a 89, 89, CCXXIII p. | ||
| 336 | |a texto |b txt |2 rdacontenido | ||
| 337 | |a sin mediación |b n |2 rdamedio | ||
| 338 | |a volumen |b nc |2 rdasoporte | ||
| 440 | 1 | |a (Bibliotheca Scriptorum Graecorum et Romanorum Mexicana) | |
| 546 | |a Edición bilingüe español-latín | ||
| 649 | |a XX | ||
| 650 | |a Poesía Latina | ||
| 650 | |a Literatura Latina - |y Siglo I a.C | ||
| 650 | |a Literatura Clásica | ||
| 700 | |a Bonifaz Nuño, Rubén |e (introducción, versión y notas) | ||
| 910 | |a Fondo General | ||
| 920 | |a Impresos - Libros | ||
| 930 | |a Colección General | ||
| 940 | |a Literatura | ||
| 905 | |a 101 | ||
| 901 | |a 055214 |b IT1 |c LIT |u 20250521 | ||
| 902 | |a https://opac.biblio.iteso.mx/vufind/Record/000385687 | ||